000 01438cam a22003737a 4500
003 CHAP
005 20220329142511.0
008 010730d2001 mx abd r 00110 spa d
010 _a84365
011 _a85337
035 _a95870
040 _cCHAP
090 _aTesis
100 0 0 _aSánchez Rojano, Nayari.
_9107805
245 1 3 _aEl mercado de la cerveza en Francia:
_bperspectivas para México
_c/por Nayari Sánchez Rojano y Gustavo Adolfo Sánchez Rojano
260 _aChapingo, Méx. :
_bEl autor,
_c2001.
300 _a65 h. :
_bilus. ; gráfs. ; mapa ; cuadros
502 _aTesis (Lic. en Comercio Internacional de Productos Agropecuarios) -- UACH. División de Ciencias Económico Administrativas
590 _aALEPH
_b10
_c20130110
_lUCH01
_h1443
590 _aBATCH-UPD
_b10
_c20130110
_lUCH01
_h0350
590 _aBATCH-UPD
_b10
_c20130110
_lUCH01
_h2305
590 _aBATCH-UPD
_b10
_c20130410
_lUCH01
_h0024
590 _aBATCH-UPD
_b10
_c20130410
_lUCH01
_h1557
590 _aBATCH-UPD
_b10
_c20130914
_lUCH01
_h0917
590 _aCONVERSION
_b10
_c20130109
_lUCH01
_h1347
650 1 4 _aCerveza.
_921641
650 1 4 _aIndustria cervecera.
_957799
700 0 _aSánchez Rojano, Gustavo Adolfo.
_9107804
901 _aBK
905 _aMarco A. Mendoza T.
942 _cFOLL
949 _aTesis
_bBC
_cTES
_d33724000838611
_eTS2
_fc.2
_gDonaciØn
_h38365
_i95870
_si
949 _aTesis
_bBC
_cTES
_d958701
_eTS1
_gDonaciØn
_h38364
_i95870
_sb
999 _c84365
_d84365